00994nam a2200241 a 450000100060000000300080000600500170001400800410003102000150007202000150008703500190010204000390012104100080016008200310016810000240019924500720022326000280029530000340032350400510035752002380040865000230064685600830066947185BD-RjUL20211209054255.0160807s2003 enka fo| 001 0 eng d a0761947663 a0761947671 a(BD-RjUL)47304 aStDuBDScStDuBDSepnbengdBD-RjUL aeng04a307.14120941223bMOR 200310aMoseley, Malcolm J.10aRural development :bprinciples and practice /cMalcolm J. Moseley. aLondon :bSAGE,cc2003. axii, 227 p. :bill. ;c24 cm. aIncludes bibliographical references and index.8 aMoseley explains the mechanisms for planning, managing and financing rural development at the local level. The text provides students and practitioners with a primer that links the theory to the practice of 'doing' rural development. 0aRural development.40zSAGE knowledgeuhttp://sk.sagepub.com/books/rural-developmentzMIT Access Only